Ohodnocovanie podniku a kategórie hodnoty
Charakteristika ohodnocovania podniku a kategórii hodnoty podniku. Účelom ohodnocovania podniku je stanovenie jeho hodnoty, ktoré patrí medzi dôležité nástroje manažmentu. Hodnotu podniku je možné kategorizovať. Postupom času sa vyvinuli štyri základné princípy ohodnocovania podniku a to: trhová hod...
Salvato in:
| Autore principale: | |
|---|---|
| Natura: | Capitolo di libro |
| Lingua: | slovacco |
| Soggetti: | |
| Tags: |
Nessun Tag, puoi essere il primo ad aggiungerne!!
|
MARC
| LEADER | 00000nla a2200000 4500 | ||
|---|---|---|---|
| 001 | 0177964 | ||
| 005 | 20220722095626.8 | ||
| 041 | 0 | |a slo | |
| 044 | |a SK | ||
| 245 | 1 | 0 | |a Ohodnocovanie podniku a kategórie hodnoty |c Lenka Mikáčová |
| 520 | |a Charakteristika ohodnocovania podniku a kategórii hodnoty podniku. Účelom ohodnocovania podniku je stanovenie jeho hodnoty, ktoré patrí medzi dôležité nástroje manažmentu. Hodnotu podniku je možné kategorizovať. Postupom času sa vyvinuli štyri základné princípy ohodnocovania podniku a to: trhová hodnota, subjektívna hodnota, objektivizovaná hodnota a Kolínska škola. | ||
| 610 | 2 | 0 | |a oceňovanie |
| 610 | 2 | 0 | |a hodnota podniku |
| 610 | 2 | 0 | |a podnik |
| 610 | 2 | 0 | |a teórie ekonomické |
| 100 | 1 | |a Mikáčová, Lenka | |